000 00747nam a2200265 i 4500
001 C2-0290093
003 PPAK
005 20180728022703.0
008 080923s2007 my a|||| ||||| | eng d
020 _a9789831952535
040 _aPPAK
_beng
_cPPAK
_erda
082 0 4 _a351
_223
090 0 0 _a351
_bJEO
_dG
090 0 0 _a351
_bJEO
_dKMI
100 1 _aJeong, Chun Hai,
_eauthor
245 1 0 _aPrinciples of public administration :
_ban introduction
264 1 _aSelangor :
_bKarisma Publications ,
_c2007
300 _avii, 170 pages :
_billustrations ;
_c22 cm
336 _2rdacontent
_atext
337 _2rdamedia
_aunmediated
338 _2rdacarrier
_avolume
650 1 0 _aPublic administration.
700 _eauthor
942 _ddc
_cB
999 _c95386
_d95386